000
00315 a2200109 4500
001
ART_39592
005
20260410162000.0
008
260409a
245
1
0
_a
kant y la escuela de Maha-Kasyapa
100
1
_a
Gómez Farías, Alberto
773
0
_t
Propuestas
_g
- Año 1, Nº 2 (dic. 1995)
_w
REV28258
999
_c
31214
_d
31214